000 00335nam a2200133Ia 4500
008 231129s2000||||xx |||||||||||||| ||spa||
020 _a958-30-0759-5
040 _bspa
082 _a(i) 892.73 S588
245 0 _aSimbad el marino
260 _c2000
264 _aPanamericana
942 _2ddc
_cBKS
999 _c24617
_d24617